000 00668nam a2200205Ia 4500
003 GCL
008 140319s9999 xx 000 0 ara d
040 _aGCL /
_cGCL
082 0 4 _a811.009
_bم ا
100 1 _aمحمد ابراهيم ابوسنة
245 1 0 _aافاق شعرية /
_cمحمد ابراهيم ابوسنة
260 _a[S.N] :
_bالهيئة المصرية العامة للكتاب ،
_c1995
300 _a192 ص
490 _aسلسلة المكتبة الثقافية
_v0
650 0 4 _aالشعر العربى
650 0 4 _aالادب العربى
650 0 4 _aالعصر الحديث
650 0 4 _aتاريخ ونقد
942 _2ddc
_cBK
999 _c33338
_d33338